• 首页
  • 本馆介绍
  • 公告通知
  • 最新文献
  • 馆藏检索
  • 电子资源
  • 读者导购
  • 参考咨询
  • 我的图书馆
  • 登录
  • 详细信息显示
  • 放入我的书架
  • 预约/预借图书
  • 作者相关作品
  • 分类相关作品
  • 丛书相关作品
  • 出版社相关作品

书目信息

  • 表格格式
  • 工作单格式
  • 卡片格式
题名:
意大利
    
 
作者: ;日本大宝石出版社 编著
分册:  
出版信息: 北京   中国旅游出版社  2015
页数: 589页
开本: 21cm
丛书名: 走遍全球
单 册:
中图分类: K954.69
科图分类:
主题词: 旅游指南--Lv You Zhi Nan--意大利
电子资源:
ISBN: 978-7-5032-5343-0
000 00959nam0 22002891 450
001 0121113135
005 20161122163223.92
010    @a978-7-5032-5343-0@dCNY108.00
100    @a20150730d2015 em y0chiy50 ea
101 1  @achi@cjpn
102    @aCN@b110000
105    @aab z 000yy
106    @ar
200 1  @a意大利@AYi Da Li@dItaly@f日本大宝石出版社编著@zeng
205    @a5版
210    @a北京@c中国旅游出版社@d2015
215    @a589页@c图,地图@d21cm
225 2  @a走遍全球@AZou Bian Quan Qiu
305    @a由北京走遍全球文化传播有限公司授权出版
330    @a本书全面介绍意大利旅游信息,汇集了意大利五大城市及意大利各区等地的旅游攻略,最后还附有旅行的准备和技巧等信息。
461  0 @12001 @a走遍全球
510 1  @aItaly@zeng
606 0  @a旅游指南@ALv You Zhi Nan@y意大利
690    @aK954.69@v5
711 02 @a日本大宝石出版社@ARi Ben Da Bao Shi Chu Ban She@4编著
801  0 @aCN@bTANGWEI@c20161118
905    @b0899130-4@dK954.69@e386=5@f5
    
    意大利=Italy/日本大宝石出版社编著.-5版.-北京:中国旅游出版社,2015
    589页:图,地图;21cm.-(走遍全球)
    
    
    ISBN 978-7-5032-5343-0:CNY108.00
    本书全面介绍意大利旅游信息,汇集了意大利五大城市及意大利各区等地的旅游攻略,最后还附有旅行的准备和技巧等信息。
●
相关链接 在E读中查询图书 在五车中查询图书 在当当中查询图书 在豆瓣中查询图书


正题名:意大利     索取号:K954.69/386=5         预约/预借

序号 登录号 条形码 馆藏地/架位号 状态 备注
1 0899130   208991304   第二样本阅览室/ [索取号:K954.69/386=5] 在馆    
2 0899131   208991313   第二借阅区/ [索取号:K954.69/386=5] 在馆    
3 0899132   208991322   第二借阅区/ [索取号:K954.69/386=5] 在馆    
4 0899133   208991331   第二借阅区/ [索取号:K954.69/386=5] 在馆    
5 0899134   208991340   密集书库-资源管理系/ [索取号:K954.69/386=5] 在馆    
唐山师范学院图书馆 欢迎您!
大连网信软件有限公司© 版权所有